New Zealand A-Z - Statistics

General Stats
  • This quiz has been taken 191 times
  • The average score is 18 of 26
Answer Stats
Clue Answer % Correct
C First European to land in NZ, in 1769 James {Cook}
96%
K Flightless bird, symbol of NZ Kiwi
96%
W Capital city since 1865 Wellington
95%
G National anthem: ___ Defend NZ God
90%
J Oscar-winning film director Peter {Jackson}
85%
T Sea on its west coast Tasman
83%
U National sport: Rugby _____ Union
83%
S 34,000,000 of these live here Sheep
81%
L 2014 Grammy award-winning singer Lorde
80%
M Inuit is to Canada as ___ is to NZ Maori
77%
A NZ's indigenous name, meaning Land of the Long White Cloud Aotearoa
75%
B Parliament building nickname Beehive
75%
Q Tourist (and skiing) destination Queenstown
75%
X Public holiday, observed Dec 25 Xmas
75%
E Person who appears on all coinage Elizabeth II
74%
R The sport NZ has won the most Olympic medals in Rowing
70%
Z Dutch province New Zealand was named after Zeeland
67%
N Ships with these weapons were banned in 1987 Nuclear
66%
F Akaroa was settled by, and claimed for, this country in 1839 France
65%
V Auckland is built on 50 of these Volcanoes
64%
H Leading power generation source Hydro power
60%
P Maori term for a white person Pakeha
60%
I Frozen liquid snack on a stick Ice block
56%
D The role Mount Ngaruhoe played in Lord of the Rings Mount {Doom}
47%
O Steampunk capital of NZ; in South Island; pop 13,000 Oamaru
34%
Y 5-time Commonwealth games gold medallist, a NZ record Val {Young}
13%
No matching quizzes found
Score Distribution
Percent of People with Each Score
Percentile by Number Answered
Your Score History
You have not taken this quiz